000
00316 a2200157 4500
001
172917
020
_a
040
_c
Magnum
100
_a
Prado, Lucilia de Almeida
240
1
0
_a
Tuca o tucano
_l
por
245
1
0
_a
Tuca o tucano
362
0
_a
1899
440
1
_a
Do Brasil
697
_a
I/ANIMAIS
942
_c
BK
999
_c
172917
_d
172917